Tratados y sermones

I tiakina i:
Ngā taipitopito rārangi puna kōrero
Kaituhi matua: Muntzer, Thomas (autor)
Hōputu: Pukapuka
Reo:Pāniora
I whakaputaina: Madrid Trotta 2001
Putanga:1a. ed
Ngā marau:
Ngā Tūtohu: Tāpirihia he Tūtohu
Kāore He Tūtohu, Me noho koe te mea tuatahi ki te tūtohu i tēnei pūkete!

MARC

LEADER 00000cam a2200000 a 4500
001 UCD4225
003 CL-VaPUC
008 160701e20010000sp |||||||||||||||||spa|d
020 |a 978848164479X 
082 0 4 |a 284.1  |b MUN  |2 21 
100 |a Muntzer, Thomas  |e autor  |9 587862 
245 1 0 |a Tratados y sermones 
250 |a 1a. ed 
300 |a 204 p 
942 |c BK 
945 |d 20160701 20:49:00  |a dcastane 
260 |a Madrid  |b Trotta  |c 2001 
600 0 7 |a MUNTZER, TOMAS  |2 CL-VaPUC  |9 345943 
650 0 |a Reforma católica  |9 432937 
650 0 |a Protestantismo  |9 317293 
650 7 |a LUTERANISMO  |2 CL-VaPUC  |9 481658 
583 |a last modification  |c 20160701 20:49:00  |k Rodrigo Vera 
999 |c 365167  |d 365165 
952 |0 0  |1 0  |3 erb  |4 0  |6 284_100000000000000_MUN_2001  |7 0  |8 A  |9 478914  |a FDOHBE  |b FDOHBE  |e Huesbe Llanos, Marco Antonio, 1934-  |i 5331404  |o 284.1 MUN 2001  |p 5331404  |r 2024-01-30  |w 2019-11-24  |y BK  |z Catalogado en:20160701  |k HBE